Tú también morirás / Franklin Domínguez (Registro nro. 3930)

Detalles MARC
000 -LEADER
fixed length control field 00473nam a22001931a 4500
001 - CONTROL NUMBER
control field 3930
003 - CONTROL NUMBER IDENTIFIER
control field OSt
005 - DATE AND TIME OF LATEST TRANSACTION
control field 20260204211909.0
008 - FIXED-LENGTH DATA ELEMENTS--GENERAL INFORMATION
fixed length control field 050509s2004||||dr ||||||b||||||||||spa||
020 ## - NUMERO DE LIBRO INTERNACIONAL NORMALIZADO
International Standard Book Number 9993498440
050 ## - LIBRARY OF CONGRESS CALL NUMBER
Classification number RD 793 D713t
082 ## - DEWEY DECIMAL CLASSIFICATION NUMBER
Classification number RD 793 D713t
100 ## - ASIENTO PRINCIPAL -- NOMBRE PERSONAL
Personal name Domínguez, Franklin
245 ## - TÍTULO PROPIAMENTE DICHO: SUBTÍTULO
Title Tú también morirás / Franklin Domínguez
264 ## - PRODUCTION, PUBLICATION, DISTRIBUTION, MANUFACTURE, AND COPYRIGHT NOTICE
Place of production, publication, distribution, manufacture Santo Domingo: Editorial Nacional
300 ## - PHYSICAL DESCRIPTION
Extensión 108 p
650 ## - ASIENTO SECUNDARIO DE MATERIA -- TERMINO TEMÁTICO
Termino Temático Como Elemento de Entrada 1.TeatroÌ
942 ## - ADDED ENTRY ELEMENTS (KOHA)
Source of classification or shelving scheme Dewey Decimal Classification
Koha item type Libros
Existencias
Withdrawn status Lost status Source of classification or shelving scheme Damaged status Not for loan Current library Date acquired Full call number Barcode Date last seen Price effective from Koha item type
    Dewey Decimal Classification Descartado para donación   Biblioteca UTECO 09/09/2019 RD 793 D713T 008577 09/09/2019 09/09/2019 Libros
© 2021 Derechos Reservados UTECO - Teléfono: +1 809-585-2291 - Correo electrónico: biblioteca@uteco.edu.do​  
Código postal 43000 ​​
Dirección: Avenida Universitaria No. 100, 
Cotuí, Provincia Sánchez Ramírez, República Dominicana - RNC: 404-00059-6